00923cam a22002417a 4500001001000000003000500010005001700015008004100032010001000073011001000083035001100093040000900104100003800113245022000151260004100371300003900412502007500451650002000526650001400546650003300560650002200593856006600615000093297CHAP20220329142928.0050303d2004 mx r 00110 spa d a89763 a90735 a101292 cCHAP00aHernández Palafox, Ma. Eugenia.10aAplicación de la distancia de mahalanobis e imágenes de satélite, para localizar áreas de reproducción de Cyrtonyx montezumae, en el Noroeste del Estado de México /c/por Ma. Eugenia Hernández Palafox. aChapingo, Méx. :bEl autor,c2004. a67h. :bilus.; gráfs.; cuadros,. aTesis (Ing. en Agroecología) -- UACH. Departamento de Agroecología14aAves de corral.14aCodorniz.14aLevantamiento topográfico.14aSensores remotos. 3Finding aiduhttp://10.13.5.2/tesis/101292.pdfzTeclea aquí